[Event "Sheffield"]
[Site "Sheffield"]
[Date "2024.04.13"]
[Round "7"]
[White "Gourlay, Iain"]
[Black "Dunnington, Angus J"]
[Result "1-0"]
[WhiteElo "2307"]
[BlackElo "2317"]
[PlyCount "97"]
[EventDate "2024.04.10"]
[EventType "tourn"]
[EventRounds "9"]
[EventCountry "ENG"]
[EventCategory "2"]
[SourceTitle "CB16_2024"]
[SourceDate "2024.04.17"]
[SourceVersion "1"]
[SourceVersionDate "2024.04.17"]
[SourceQuality "1"]

1. Nf3 d6 2. d4 g6 3. e4 Bg7 4. c3 Nf6 5. Bd3 0-0 6. 0-0 Nc6 7. Re1 e5 8. h3 h6 9. Bf1 Nh5 10. Be3 Nf4 11. Kh2 g5 12. g3 Nxh3 13. d5 Ne7 14. Bxh3 Bxh3 15. Kxh3 g4+ 16. Kg2 gxf3+ 17. Qxf3 f5 18. exf5 Rxf5 19. Qe4 Qd7 20. Nd2 c6 21. c4 Raf8 22. Rad1 Qe8 23. Qd3 Qg6 24. Ne4 cxd5 25. cxd5 Rf3 26. Nc5 dxc5 27. Qxg6 Nxg6 28. Bxc5 R3f7 29. Bxf8 Kxf8 30. Re4 Rd7 31. d6 Kf7 32. Rc4 Bf8 33. f4 exf4 34. gxf4 Nh4+ 35. Kh3 Nf5 36. Rc7 Ke6 37. Re1+ Kxd6 38. Rc8 Bg7 39. Kg4 Nd4 40. Kh5 Re7 41. Rxe7 Kxe7 42. Rc7+ Kf6 43. Rxb7 Ne6 44. Kg4 h5+ 45. Kxh5 Nxf4+ 46. Kg4 Nd3 47. b3 a5 48. Ra7 Ne5+ 49. Kf4 1-0

[Event "Cambridge op 2nd"]
[Site "Cambridge"]
[Date "2024.02.24"]
[Round "9"]
[White "Gourlay, Iain"]
[Black "Fernandez, Daniel Howard"]
[Result "0-1"]
[WhiteElo "2301"]
[BlackElo "2526"]
[PlyCount "70"]
[EventDate "2024.02.19"]
[EventType "swiss"]
[EventRounds "9"]
[EventCountry "ENG"]
[SourceTitle "CB09_2024"]
[SourceDate "2024.02.28"]
[SourceVersion "1"]
[SourceVersionDate "2024.02.28"]
[SourceQuality "1"]

1. Nf3 d5 2. g3 g6 3. c4 c6 4. Qa4 Bg4 5. Bg2 Bxf3 6. Bxf3 e6 7. cxd5 exd5 8. h4 Nd7 9. h5 Bg7 10. d3 Nc5 11. Qc2 Ne6 12. Be3 Ne7 13. hxg6 hxg6 14. Rxh8+ Bxh8 15. Bg4 f5 16. Bh3 Bf6 17. Qb3 Kf7 18. Na3 Qh8 19. Bg2 Bxb2 20. Rb1 Qc3+ 21. Qxc3 Bxc3+ 22. Kf1 b5 23. Nxb5 cxb5 24. Rxb5 a6 25. Bxd5 Nxd5 26. Rxd5 Rd8 27. Rxd8 Nxd8 28. Bb6 Nc6 29. Bc5 Ke6 30. e4 Nb4 31. Bxb4 Bxb4 32. f4 Kd6 33. Ke2 Kc5 34. Kf3 Kd4 35. g4 Kxd3 0-1

[Event "BCF-chT 2324 (4NCL)"]
[Site "England"]
[Date "2024.01.14"]
[Round "4.6"]
[White "Li, Harry"]
[Black "Gourlay, Iain"]
[Result "0-1"]
[WhiteElo "2113"]
[BlackElo "2301"]
[PlyCount "102"]
[EventDate "2023.11.11"]
[EventType "team-tourn"]
[EventRounds "11"]
[EventCountry "ENG"]
[SourceTitle "CB11_2024"]
[SourceDate "2024.03.13"]
[SourceVersion "1"]
[SourceVersionDate "2024.03.13"]
[SourceQuality "1"]
[WhiteTeam "Chessable White Rose II"]
[BlackTeam "Alba"]
[WhiteTeamCountry "ENG"]
[BlackTeamCountry "ENG"]

1. d4 d5 2. c4 e6 3. Nc3 Nf6 4. cxd5 exd5 5. Bg5 Be7 6. Qc2 0-0 7. e3 h6 8. Bh4 Re8 9. Bd3 Nbd7 10. Nge2 c6 11. 0-0 Nh5 12. Bxe7 Qxe7 13. Rae1 Nf8 14. Rb1 Bg4 15. b4 a6 16. a4 Bxe2 17. Bxe2 Nf6 18. b5 axb5 19. axb5 c5 20. dxc5 Qxc5 21. Rbc1 Ne6 22. Qf5 Rac8 23. Bd3 Qa3 24. Ne2 Rxc1 25. Nxc1 d4 26. exd4 Nxd4 27. Qf4 Qxd3 28. Nxd3 Ne2+ 29. Kh1 Nxf4 30. Nxf4 Re5 31. Rb1 Ne4 32. Nd3 Rd5 33. Nf4 Rf5 34. g3 Nxf2+ 35. Kg2 Ne4 36. Re1 Nd6 37. Rd1 Nxb5 38. Rd8+ Kh7 39. Rd7 g5 40. Nd5 Na3 41. g4 Re5 42. Rxf7+ Kg6 43. Rd7 b5 44. Ne7+ Kf6 45. Ng8+ Ke6 46. Rd3 Nc2 47. Kf2 b4 48. Nxh6 Rb5 49. Nf5 b3 50. Rd1 b2 51. Rb1 Rb4 0-1

[Event "London Mindsports IM-B"]
[Site "London"]
[Date "2023.02.19"]
[Round "8"]
[White "Gourlay, Iain"]
[Black "Buckley, Graeme N"]
[Result "0-1"]
[WhiteElo "2295"]
[BlackElo "2344"]
[PlyCount "171"]
[EventDate "2023.02.15"]
[EventType "tourn"]
[EventRounds "9"]
[EventCountry "ENG"]
[EventCategory "1"]
[SourceTitle "CBM 212 Extra"]
[Source "ChessBase"]
[SourceDate "2023.03.31"]
[SourceVersion "1"]
[SourceVersionDate "2023.03.31"]
[SourceQuality "1"]

1. e4 c5 2. Nf3 Nc6 3. Bb5 g6 4. 0-0 Bg7 5. Re1 e5 6. Bxc6 dxc6 7. d3 Qe7 8. a3 Nf6 9. b4 0-0 10. bxc5 Nd7 11. a4 Nxc5 12. Ba3 Be6 13. Nbd2 Rfd8 14. Rb1 b6 15. a5 f6 16. Qc1 Bf8 17. Bb4 Qc7 18. Qa3 Bd6 19. Ra1 Rab8 20. Reb1 Kg7 21. h3 h5 22. Nh2 Kh7 23. Nhf1 Qe7 24. axb6 axb6 25. Ne3 b5 26. Nf3 Rb7 27. d4 exd4 28. Nxd4 Bd7 29. Nb3 Nxe4 30. Bxd6 Nxd6 31. Rd1 Be8 32. Nc5 Rbb8 33. Qa7 Qxa7 34. Rxa7+ Nf7 35. Rda1 Kg8 36. Re7 Ra8 37. Rxa8 Rxa8 38. Ne4 Kg7 39. Re6 Bd7 40. Re7 Re8 41. Rxd7 Rxe4 42. Rc7 Re6 43. c4 bxc4 44. Nxc4 Kf8 45. Na5 Nd8 46. g4 hxg4 47. hxg4 g5 48. Kg2 Ke8 49. Kg3 Re5 50. Nc4 Rd5 51. Ne3 Rd7 52. Rc8 Ra7 53. Nc4 Kd7 54. Nb6+ Ke7 55. Kf3 Rb7 56. Nc4 Rb4 57. Rc7+ Ke6 58. Ne3 Rb7 59. Rc8 Kd7 60. Ra8 Nf7 61. Kg3 Nd6 62. Rh8 Rb3 63. Rh7+ Kd8 64. Kg2 Rb4 65. f3 Rb3 66. Kf2 Rb2+ 67. Ke1 Rb7 68. Rh8+ Kd7 69. Ke2 Ke6 70. Kd3 Rb3+ 71. Ke2 Rb2+ 72. Ke1 c5 73. Rd8 Rb3 74. Ke2 c4 75. Ra8 Rb2+ 76. Ke1 Ke5 77. Ra6 c3 78. Rc6 Kd4 79. Nd1 Nc4 80. Nxc3 Kxc3 81. Rxf6 Kd3 82. Rg6 Ke3 83. Kd1 Na3 84. Re6+ Kxf3 85. Ra6 Nc4 86. Rc6 0-1

[Event "London Mindsports IM-B"]
[Site "London"]
[Date "2023.02.18"]
[Round "6"]
[White "Gourlay, Iain"]
[Black "Vardan, Nagpal"]
[Result "1/2-1/2"]
[WhiteElo "2295"]
[BlackElo "2331"]
[PlyCount "73"]
[EventDate "2023.02.15"]
[EventType "tourn"]
[EventRounds "9"]
[EventCountry "ENG"]
[EventCategory "1"]
[SourceTitle "CBM 212 Extra"]
[Source "ChessBase"]
[SourceDate "2023.03.31"]
[SourceVersion "1"]
[SourceVersionDate "2023.03.31"]
[SourceQuality "1"]

1. e4 e5 2. Nf3 Nf6 3. d4 Nxe4 4. Bd3 d5 5. Nxe5 Nd7 6. Nxd7 Bxd7 7. 0-0 Bd6 8. Nc3 Nxc3 9. bxc3 0-0 10. Qh5 f5 11. Re1 Qf6 12. Qf3 c6 13. Bf4 Rae8 14. Qg3 Bxf4 15. Qxf4 Qf7 16. Rab1 Rxe1+ 17. Rxe1 Re8 18. Rxe8+ Qxe8 19. Qc7 Qc8 20. Qa5 a6 21. c4 Be6 22. cxd5 Bxd5 23. c4 Be6 24. d5 cxd5 25. cxd5 Bd7 26. a4 g6 27. d6 Kf7 28. Qe5 Be6 29. h4 h5 30. a5 Qc6 31. Be2 Qc1+ 32. Kh2 Qe1 33. Qh8 Qxf2 34. Qh7+ Kf6 35. Qh8+ Kf7 36. Qh7+ Kf6 37. Qh8+ 1/2-1/2

[Event "London Mindsports IM-B"]
[Site "London"]
[Date "2023.02.17"]
[Round "4"]
[White "Gourlay, Iain"]
[Black "Large, Peter G"]
[Result "1-0"]
[WhiteElo "2295"]
[BlackElo "2251"]
[PlyCount "71"]
[EventDate "2023.02.15"]
[EventType "tourn"]
[EventRounds "9"]
[EventCountry "ENG"]
[EventCategory "1"]
[SourceTitle "CBM 212 Extra"]
[Source "ChessBase"]
[SourceDate "2023.03.31"]
[SourceVersion "1"]
[SourceVersionDate "2023.03.31"]
[SourceQuality "1"]

1. e4 Nc6 2. Nf3 d6 3. d4 Nf6 4. Nc3 g6 5. Be2 Bg7 6. h3 0-0 7. 0-0 a6 8. d5 Nb8 9. a4 c6 10. Be3 a5 11. Nd2 Na6 12. Nc4 Nd7 13. Bd4 Nb4 14. Bxg7 Kxg7 15. Bf3 Ne5 16. Nxe5 dxe5 17. Nb1 cxd5 18. exd5 f5 19. c3 Na6 20. Na3 Rf6 21. Nc4 Qc7 22. Be2 Nc5 23. Re1 b6 24. Bf1 e4 25. b4 Nb7 26. Qd4 axb4 27. cxb4 Bd7 28. d6 e5 29. Qxb6 Qb8 30. Qc7 Qxc7 31. dxc7 Rc6 32. Rec1 Kf6 33. b5 Re6 34. a5 Bxb5 35. Nb6 Rxb6 36. axb6 1-0

[Event "Newcastle Northumbria Masters"]
[Site "Newcastle on Tyne"]
[Date "2022.08.29"]
[Round "6"]
[White "Bonn, Thomas"]
[Black "Gourlay, Iain"]
[Result "1/2-1/2"]
[WhiteElo "2181"]
[BlackElo "2321"]
[PlyCount "65"]
[EventDate "2022.08.26"]
[EventType "swiss"]
[EventRounds "9"]
[EventCountry "ENG"]
[SourceTitle "CBM 210 Extra"]
[Source "ChessBase"]
[SourceDate "2022.11.30"]
[SourceVersion "1"]
[SourceVersionDate "2022.11.30"]
[SourceQuality "1"]

1. d4 d5 2. Nf3 Nf6 3. c4 e6 4. g3 dxc4 5. Bg2 c5 6. 0-0 Nc6 7. Qa4 Bd7 8. dxc5 Na5 9. Qa3 b6 10. b4 cxb3 11. axb3 Bxc5 12. b4 Be7 13. Ne5 Rc8 14. Rd1 Nc4 15. Nxc4 Rxc4 16. Qxa7 0-0 17. Bg5 Nd5 18. Bxe7 Qxe7 19. Bxd5 exd5 20. Na3 Rxb4 21. Rxd5 Qf6 22. Nc2 Rb2 23. Rxd7 Rxc2 24. Re1 Qc3 25. Rb1 Rc1+ 26. Rxc1 Qxc1+ 27. Kg2 Qc6+ 28. f3 Re8 29. Rd2 g6 30. Rb2 b5 31. Qd4 h5 32. h4 Qc1 33. Qb4 1/2-1/2

[Event "Newcastle Northumbria Masters"]
[Site "Newcastle on Tyne"]
[Date "2022.08.28"]
[Round "5"]
[White "Gourlay, Iain"]
[Black "Martyn, Rafe"]
[Result "1-0"]
[WhiteElo "2321"]
[BlackElo "2209"]
[PlyCount "71"]
[EventDate "2022.08.26"]
[EventType "swiss"]
[EventRounds "9"]
[EventCountry "ENG"]
[SourceTitle "CBM 210 Extra"]
[Source "ChessBase"]
[SourceDate "2022.11.30"]
[SourceVersion "1"]
[SourceVersionDate "2022.11.30"]
[SourceQuality "1"]

1. d4 d5 2. Nf3 Nf6 3. g3 Bf5 4. Bg2 e6 5. c4 c6 6. Nc3 Nbd7 7. Qb3 Qb6 8. c5 Qxb3 9. axb3 a6 10. b4 Rc8 11. h3 Be7 12. g4 Bg6 13. Bf4 Ne4 14. Nd2 Nxd2 15. Kxd2 f6 16. e4 e5 17. exd5 exf4 18. dxc6 bxc6 19. Rxa6 0-0 20. Rxc6 Rxc6 21. Bxc6 Rd8 22. Nd5 Bf8 23. Kc3 Nb8 24. Bb7 Rd7 25. Ba8 Bf7 26. Nb6 Re7 27. Bf3 Na6 28. Nd5 Rd7 29. Ra1 Ra7 30. Kc4 Ra8 31. b5 Nc7 32. Rxa8 Nxa8 33. Kb4 Kh8 34. Ka5 Bxd5 35. Bxd5 Nc7 36. Bc4 1-0

[Event "Newcastle Northumbria Masters"]
[Site "Newcastle on Tyne"]
[Date "2022.08.27"]
[Round "3"]
[White "Gourlay, Iain"]
[Black "Clarke, Brandon GI"]
[Result "0-1"]
[WhiteElo "2321"]
[BlackElo "2474"]
[PlyCount "112"]
[EventDate "2022.08.26"]
[EventType "swiss"]
[EventRounds "9"]
[EventCountry "ENG"]
[SourceTitle "CBM 210 Extra"]
[Source "ChessBase"]
[SourceDate "2022.11.30"]
[SourceVersion "1"]
[SourceVersionDate "2022.11.30"]
[SourceQuality "1"]

1. d4 Nf6 2. Nf3 g6 3. g3 Bg7 4. Bg2 c5 5. dxc5 Qa5+ 6. Nfd2 Qxc5 7. Nc3 d6 8. Nb3 Qc7 9. Bg5 Nbd7 10. Nb5 Qb6 11. c4 a6 12. Be3 Qd8 13. N5d4 Ng4 14. Bd2 a5 15. Bc3 a4 16. Nd2 Qb6 17. e3 Nc5 18. 0-0 0-0 19. b4 axb3 20. axb3 Bd7 21. Qc2 Ne5 22. Ne4 Ned3 23. Nxc5 Nxc5 24. Rfb1 e5 25. Ne2 Bc6 26. Bxc6 Qxc6 27. Bb4 Rxa1 28. Rxa1 Qf3 29. Bxc5 dxc5 30. Rd1 e4 31. Nf4 g5 32. Nd5 h5 33. Rb1 Ra8 34. Qd1 Ra2 35. Qxf3 exf3 36. h4 g4 37. Nf4 Be5 38. Nxh5 Kh7 39. Nf4 Bxf4 40. gxf4 Kg6 41. b4 Kh5 42. bxc5 Kxh4 43. c6 bxc6 44. Rb8 Ra1+ 45. Kh2 g3+ 46. fxg3+ Kg4 47. Rg8+ Kf5 48. g4+ Ke4 49. Kg3 Rg1+ 50. Kf2 Rg2+ 51. Kf1 Kxe3 52. Re8+ Kxf4 53. Rf8 Rc2 54. Rxf7+ Kg3 55. Ke1 f2+ 56. Kf1 Rc1+ 0-1

[Event "Newcastle Northumbria Masters"]
[Site "Newcastle on Tyne"]
[Date "2022.08.26"]
[Round "1"]
[White "Pal, Rohan"]
[Black "Gourlay, Iain"]
[Result "0-1"]
[WhiteElo "1935"]
[BlackElo "2321"]
[PlyCount "66"]
[EventDate "2022.08.26"]
[EventType "swiss"]
[EventRounds "9"]
[EventCountry "ENG"]
[SourceTitle "CBM 210 Extra"]
[Source "ChessBase"]
[SourceDate "2022.11.30"]
[SourceVersion "1"]
[SourceVersionDate "2022.11.30"]
[SourceQuality "1"]

1. e4 c6 2. Nf3 d5 3. Nc3 dxe4 4. Nxe4 Nf6 5. Qe2 Nxe4 6. Qxe4 Nd7 7. Bc4 Nf6 8. Ne5 e6 9. Qe2 b5 10. Bb3 Qc7 11. d4 Bd6 12. 0-0 0-0 13. Bf4 a5 14. a4 Nd5 15. Bg3 Ba6 16. Rfe1 bxa4 17. Bc4 Bxc4 18. Qxc4 Rfb8 19. Qxa4 Rxb2 20. c4 Ne7 21. Qd1 Ng6 22. Qh5 Bxe5 23. Bxe5 Nxe5 24. Qxe5 Qxe5 25. Rxe5 a4 26. d5 cxd5 27. cxd5 Rb5 28. Re4 exd5 29. Ree1 g6 30. g3 a3 31. Kg2 Rb2 32. Red1 a2 33. Rxd5 Rb1 0-1

[Event "Olympiad-44"]
[Site "Chennai"]
[Date "2022.08.06"]
[Round "8.2"]
[White "Gourlay, Iain"]
[Black "Sultan, Ibrahim"]
[Result "1/2-1/2"]
[WhiteElo "2321"]
[BlackElo "2108"]
[PlyCount "89"]
[EventDate "2022.07.29"]
[EventType "team-swiss"]
[EventRounds "11"]
[EventCountry "IND"]
[SourceTitle "CBM 210"]
[Source "ChessBase"]
[SourceDate "2022.10.31"]
[SourceVersion "1"]
[SourceVersionDate "2022.10.31"]
[SourceQuality "1"]
[WhiteTeam "Scotland"]
[BlackTeam "United Arab Emirates"]
[WhiteTeamCountry "SCO"]
[BlackTeamCountry "UAE"]

1. d4 d5 2. Nf3 Nf6 3. g3 Bf5 4. Bg2 e6 5. c4 c6 6. Nc3 Be7 7. Qb3 Qb6 8. c5 Qxb3 9. axb3 0-0 10. b4 a6 11. h3 h6 12. g4 Bh7 13. Bf4 Nbd7 14. Nd2 Rfe8 15. Nb3 Bd8 16. b5 Bc2 17. bxc6 bxc6 18. Na5 Bxa5 19. Rxa5 e5 20. dxe5 Nxe5 21. Bxe5 Rxe5 22. Kd2 Bb3 23. e3 Rb8 24. Rxa6 Bc4 25. Rb6 Ree8 26. Bf1 Bxf1 27. Rxf1 Rxb6 28. cxb6 Nd7 29. Na4 Re4 30. b3 Rb4 31. Kc3 Rb5 32. e4 dxe4 33. Re1 Nf6 34. Kc4 Kf8 35. Nc5 Rxb6 36. Nxe4 Nxe4 37. Rxe4 Rb5 38. f4 g6 39. b4 Rd5 40. Re3 h5 41. Re4 hxg4 42. hxg4 f5 43. Re6 fxg4 44. Rxc6 Rf5 45. Rxg6 1/2-1/2

[Event "BCF-chT 2122 (4NCL)"]
[Site "England"]
[Date "2022.06.25"]
[Round "10.71"]
[White "Urkedal, Frode Olav Olsen"]
[Black "Gourlay, Iain"]
[Result "1-0"]
[WhiteElo "2543"]
[BlackElo "2318"]
[PlyCount "51"]
[EventDate "2021.11.27"]
[EventType "team-swiss"]
[EventRounds "11"]
[EventCountry "ENG"]
[SourceTitle "EXT 2023"]
[Source "ChessBase"]
[SourceDate "2022.10.05"]
[SourceVersion "1"]
[SourceVersionDate "2022.10.05"]
[SourceQuality "1"]
[WhiteTeam "Celtic Tigers"]
[BlackTeam "Alba"]
[WhiteTeamCountry "ENG"]
[BlackTeamCountry "ENG"]

1. d4 d5 2. c4 e6 3. Nc3 Nf6 4. cxd5 exd5 5. Bg5 c6 6. e3 h6 7. Bh4 Be7 8. Bd3 0-0 9. Nf3 Ne4 10. Bxe7 Qxe7 11. Qc2 Re8 12. Bxe4 dxe4 13. Nd2 Bf5 14. 0-0 Nd7 15. Rac1 Nf6 16. Ne2 Bg4 17. Ng3 h5 18. h3 h4 19. Ngxe4 Nxe4 20. hxg4 Nxd2 21. Qxd2 Qe6 22. Qe2 Rad8 23. Rfd1 Rd5 24. b4 Rg5 25. Rc5 Rxg4 26. Re5 1-0

[Event "BCF-chT 2122 (4NCL)"]
[Site "England"]
[Date "2022.05.02"]
[Round "9.135"]
[White "Gourlay, Iain"]
[Black "Townsend, M Paul"]
[Result "1-0"]
[WhiteElo "2318"]
[BlackElo "2165"]
[PlyCount "81"]
[EventDate "2021.11.27"]
[EventType "team-swiss"]
[EventRounds "11"]
[EventCountry "ENG"]
[SourceTitle "EXT 2023"]
[Source "ChessBase"]
[SourceDate "2022.10.05"]
[SourceVersion "1"]
[SourceVersionDate "2022.10.05"]
[SourceQuality "1"]
[WhiteTeam "Alba"]
[BlackTeam "Chessable White Rose II"]
[WhiteTeamCountry "ENG"]
[BlackTeamCountry "ENG"]

1. c4 e6 2. g3 Nf6 3. Bg2 d5 4. Nf3 Be7 5. 0-0 0-0 6. d4 Nbd7 7. Qc2 c6 8. Nbd2 b6 9. e4 Ba6 10. e5 Ne8 11. Re1 Rc8 12. cxd5 cxd5 13. Qb3 Nb8 14. Nf1 Nc6 15. Bd2 Bc4 16. Qa4 Qd7 17. Ne3 b5 18. Qc2 b4 19. Rac1 Bb5 20. h4 f5 21. exf6 Nxf6 22. Qd1 Ne4 23. Ng4 Bd6 24. Ng5 Nxg5 25. Bxg5 Qf7 26. Bh3 Kh8 27. Qd2 Rce8 28. Ne5 Nxe5 29. dxe5 Be7 30. Be3 Rc8 31. Bxa7 Rxc1 32. Rxc1 Bxh4 33. Be3 Bd8 34. Qxb4 Bd7 35. a4 Kg8 36. Qd4 h5 37. Ra1 h4 38. gxh4 Qg6+ 39. Qg4 Qh7 40. a5 Bxh4 41. a6 1-0

[Event "BCF-chT 2122 (4NCL)"]
[Site "England"]
[Date "2021.11.27"]
[Round "1.121"]
[White "Murphy, Conor"]
[Black "Gourlay, Iain"]
[Result "1-0"]
[WhiteElo "2403"]
[BlackElo "2318"]
[PlyCount "60"]
[EventDate "2021.11.27"]
[EventType "team-swiss"]
[EventRounds "11"]
[EventCountry "ENG"]
[SourceTitle "EXT 2023"]
[Source "ChessBase"]
[SourceDate "2022.10.05"]
[SourceVersion "1"]
[SourceVersionDate "2022.10.05"]
[SourceQuality "1"]
[WhiteTeam "Cambridge University"]
[BlackTeam "Alba"]
[WhiteTeamCountry "ENG"]
[BlackTeamCountry "ENG"]

1. d4 d5 2. c4 c6 3. Nc3 Nf6 4. e3 a6 5. Nf3 Bf5 6. Qb3 Ra7 7. Nh4 Be4 8. Nxe4 dxe4 9. Nf5 h5 10. Ng3 h4 11. Ne2 e6 12. Bd2 c5 13. Bc3 Nbd7 14. Rd1 Qc7 15. Qa4 b5 16. cxb5 axb5 17. Qxb5 Rxa2 18. dxc5 Qxc5 19. Nd4 Ra8 20. Nc6 Rc8 21. Ne5 Qc7 22. Qa4 Bd6 23. Bb5 Ke7 24. Nc6+ Kf8 25. Ba5 Nb6 26. Bxb6 Qxb6 27. Rxd6 Rh5 28. Qa3 Rc5 29. Ba4 Ne8 30. Rd1 Kg8 1-0

[Event "Newcastle Northumbria Masters IM"]
[Site "Newcastle on Tyne"]
[Date "2021.08.30"]
[Round "9"]
[White "Gourlay, Iain"]
[Black "Grieve, Harry"]
[Result "1/2-1/2"]
[WhiteElo "2342"]
[BlackElo "2282"]
[PlyCount "85"]
[EventDate "2021.08.26"]
[EventType "tourn"]
[EventRounds "9"]
[EventCountry "ENG"]
[EventCategory "2"]
[SourceTitle "CBM 204 Extra"]
[Source "ChessBase"]
[SourceDate "2021.11.30"]
[SourceVersion "1"]
[SourceVersionDate "2021.11.30"]
[SourceQuality "1"]

1. c4 f5 2. Nf3 Nf6 3. g3 g6 4. Bg2 Bg7 5. 0-0 0-0 6. Nc3 d6 7. Rb1 e5 8. d3 Nc6 9. b4 h6 10. b5 Ne7 11. c5 Be6 12. Ba3 g5 13. cxd6 cxd6 14. Nd2 d5 15. Qb3 Kf7 16. b6 axb6 17. Bxe7 Kxe7 18. Qxb6 Qxb6 19. Rxb6 e4 20. Rxb7+ Nd7 21. Nb5 Rxa2 22. Nb3 Rb2 23. Na7 Ra8 24. Nc6+ Kd6 25. Rc1 Rc8 26. Nba5 Ra2 27. Rbb1 Bb2 28. Nb7+ Kc7 29. Ncd8+ Bxc1 30. Nxe6+ Kc6 31. Nd4+ Kc7 32. Ne6+ Kb8 33. Nd6+ Rb2 34. Rxb2+ Bxb2 35. Nxc8 Kxc8 36. g4 exd3 37. exd3 fxg4 38. Bxd5 Ne5 39. d4 Nf3+ 40. Kg2 Nxd4 41. Nxd4 Bxd4 42. Be6+ Kd8 43. Bxg4 1/2-1/2

[Event "Online Olym Div3 B"]
[Site "Chess.com INT"]
[Date "2020.08.09"]
[Round "9.1"]
[White "Gourlay, Iain"]
[Black "Liu, Yeh Yang"]
[Result "1-0"]
[WhiteElo "2342"]
[BlackElo "1988"]
[PlyCount "107"]
[EventDate "2020.08.07"]
[EventType "team-tourn (rapid)"]
[EventRounds "9"]
[EventCountry "USA"]
[SourceTitle "CBM 198"]
[Source "ChessBase"]
[SourceDate "2020.10.31"]
[SourceVersion "1"]
[SourceVersionDate "2020.10.31"]
[SourceQuality "1"]
[WhiteTeam "Scotland"]
[BlackTeam "Taiwan"]
[WhiteTeamCountry "SCO"]
[BlackTeamCountry "TPE"]

1. c4 c6 2. g3 d5 3. Nf3 Nf6 4. Bg2 e6 5. b3 Be7 6. Bb2 0-0 7. d3 Nbd7 8. 0-0 dxc4 9. bxc4 Qb6 10. Qc2 Rd8 11. Nbd2 Qc7 12. a4 a5 13. Bc3 Nc5 14. d4 Na6 15. c5 Nd5 16. e4 Nab4 17. Bxb4 Nxb4 18. Qc3 b6 19. cxb6 Qxb6 20. Nc4 Qc7 21. Nfd2 Ba6 22. Rfc1 Rac8 23. Nb3 c5 24. Ncxa5 c4 25. Bf1 Qb8 26. Nxc4 Bg5 27. Rcb1 Be7 28. Nc5 Rxc5 29. dxc5 Bxc5 30. Qe1 Bxc4 31. Bxc4 Qd6 32. Rd1 Qf8 33. Rxd8 Qxd8 34. Rd1 Qa8 35. Bb5 g6 36. Qd2 Bf8 37. Qd4 h5 38. h4 Nc2 39. Qc3 Na3 40. Qc6 Qb8 41. Rd7 Nxb5 42. axb5 Qe5 43. b6 Qa1+ 44. Kg2 Qb2 45. b7 Kg7 46. Qc7 Qf6 47. b8Q Kg8 48. Rd8 Qg7 49. Rxf8+ Qxf8 50. Qxf8+ Kxf8 51. Kf3 Kg7 52. e5 Kf8 53. Kf4 Kg7 54. Kg5 1-0

[Event "Online Olym Div3 B"]
[Site "Chess.com INT"]
[Date "2020.08.09"]
[Round "8.1"]
[White "Sultan, Ibrahim"]
[Black "Gourlay, Iain"]
[Result "0-1"]
[WhiteElo "2076"]
[BlackElo "2342"]
[PlyCount "146"]
[EventDate "2020.08.07"]
[EventType "team-tourn (rapid)"]
[EventRounds "9"]
[EventCountry "USA"]
[SourceTitle "CBM 198"]
[Source "ChessBase"]
[SourceDate "2020.10.31"]
[SourceVersion "1"]
[SourceVersionDate "2020.10.31"]
[SourceQuality "1"]
[WhiteTeam "United Arab Emirates"]
[BlackTeam "Scotland"]
[WhiteTeamCountry "UAE"]
[BlackTeamCountry "SCO"]

1. d4 d5 2. c4 c6 3. cxd5 cxd5 4. Nc3 Nf6 5. Bf4 Nc6 6. e3 Bg4 7. Qb3 Na5 8. Bb5+ Bd7 9. Qa4 e6 10. Bxd7+ Nxd7 11. Nb5 Rc8 12. Nf3 Rc4 13. Qd1 Qb6 14. Na3 Bb4+ 15. Nd2 Rc6 16. 0-0 0-0 17. Rb1 Rfc8 18. Nb3 Nc4 19. Nc2 Be7 20. Qd3 a5 21. a4 h6 22. h3 Bf8 23. Rfc1 Nf6 24. Kh2 Ne4 25. f3 Nf6 26. Bg3 Nh5 27. Be1 Bd6+ 28. Kh1 Ng3+ 29. Kg1 Nf5 30. e4 dxe4 31. fxe4 Ne7 32. Bc3 e5 33. Kh1 Qxb3 34. d5 R6c7 35. Rf1 Ng6 36. g3 Rd8 37. Qf3 Bb4 38. Na1 Qxa4 39. b3 Qa3 40. Bxb4 Qxb4 41. bxc4 Qxc4 42. Nb3 a4 43. Nd2 Qc3 44. Qxc3 Rxc3 45. Rxb7 f6 46. Kg2 Rc2 47. Rf2 Ra8 48. Nb1 Rxf2+ 49. Kxf2 a3 50. Nxa3 Rxa3 51. d6 Rd3 52. Rb6 Nf8 53. Ke2 Rd4 54. Ke3 Ne6 55. Rb8+ Kf7 56. Rb7+ Kg6 57. Rd7 Nc5 58. Rc7 Nxe4 59. d7 Ng5 60. h4 Ne6 61. Ra7 Nc5 62. g4 Nxd7 63. Kf3 Nc5 64. h5+ Kh7 65. Rc7 Rf4+ 66. Kg3 Ne6 67. Re7 Ng5 68. Kh4 Ne4 69. Rb7 Nf2 70. Rxg7+ Kxg7 71. Kg3 Rxg4+ 72. Kh2 Ne4 73. Kh3 f5 0-1